50 Flicks to Click (1988) Quiz Stats

Quiz Updated May 14, 2018

Challenge
Share
Tweet
Embed
Score 0/50 Timer 07:00
1 Play Today
% Correct
Framed
95.1%
Fish
94.5%
Die
94.3%
Good
94.1%
Alien
93.9%
Baby
93.8%
Scoundrels
93.3%
Coming
92.5%
Play
92.4%
Running
92.3%
Man
92%
Great
91.9%
Land
91.7%
Sunrise
91.6%
Lights
91.5%
Nervous
90.7%
Dangerous
89.9%
Stand
89.9%
Christ
89.2%
Mob
87.2%
Mystic
87.1%
Dead
87.1%
Durham
87%
Gorillas
86.7%
Elvira
86.4%
% Correct
Mississippi
85.5%
Naked
83%
Tourist
82%
Men
81.5%
Klowns
78.4%
Earth
77.2%
Sucka
77.2%
Oliver
74.1%
Working
73.7%
Seventh
73.6%
Adventures
73.1%
Young
72.8%
School
71.9%
Cry
71.7%
Midnight
71.2%
Top
69.4%
Nation
67.8%
Cinema
63.2%
Tucker
62.6%
Neighbor
62.1%
Pool
60.9%
Beanfield
60%
Moon
54.2%
Heat
53.1%
Grave
39.1%

You're not logged in!

Compare scores with friends on all Sporcle quizzes.
Join for Free
OR
Log In

You Might Also Like...

Show Comments

Extras

Top Quizzes Today


Score Distribution

Your Account Isn't Verified!

In order to create a playlist on Sporcle, you need to verify the email address you used during registration. Go to your Sporcle Settings to finish the process.

Report this User

Report this user for behavior that violates our Community Guidelines.

Details: